02336nas a2200313 i 450000500170000000700030001700800410002002200140006104000280007504100080010311000360011124500530014726400800020030000590028031000130033933600300035233700350038233800300041736200320044750000610047950000730054052009110061365000790152485601250160394200150172895201310174395201310187499900170200520260312155116.0ta260312e2022 dr mn|p|r||||||0| | spa d a2811-5058 cDO-SdBNPaAGNbspaerda aspa aLiga Municipal Dominicana92379 aMiradas Municipales /cLiga Municipal Dominicana aSanto Domingo, República Dominicana :bLiga Municipal Dominicana, c2022. avolumen : bilustraciones, fotografías ; c26.5 cm.  amensual. atexto btxt 2rdacontent  asin mediación bn 2rdamedia avolumen bnc 2rdacarrier aAño 2. No. 2, abril 2022. aCatalogación basada en el: Año 2. No. 2, abril 2022. aIndicadores de seguridad y convivencia ciudadana en los territorios. aEn junio de 2021 el Gobierno inició el piloto de una nueva estrategia de seguridad para reducir los niveles de criminalidad, denominada Estrategia Integral de Seguridad Ciudadana: Mi País Seguro, en línea con la necesidad de que los dominicanos y dominicanas se sientan y habiten en comunidades más seguras y de pleno disfrute de sus derechos fundamentales. La Estrategia Integral de Seguridad Ciudadana: Mi País Seguro, plantea la necesidad de establecer un sistema que coordine horizontalmente instituciones y sectores, verticalmente niveles de gobierno (nacional, provincial y local), así como esfuerzos de la cooperación internacional al desarrollo. Esta estrategia fue definida en el marco del Plan de Seguridad Ciudadana que el Gobierno ha diseñado con el objetivo de construir comunidades pacíficas, lo que contribuirá a mejorar la calidad de vida de la gente (PNPSP 2021-2024). 0aLiga municipal dominicanaxIndicadores989204vPublicaciones periódicas  yhttps://lmd.gob.do/transparencia/phocadownload/Planificacion/2022/Publicaciones/Miradas%20Municipales%20abril%202022.pdf 2ddccISSUE 00102ddc4056708SEaBNPHUbBNPHUd2026-03-12hAño 2. No. 2, abril 2022l0p2026-2135r2026-03-12te.1w2026-03-12yISSUE 00102ddc4056708SEaBNPHUbBNPHUd2026-03-12hAño 2. No. 2, abril 2022l0p2026-2136r2026-03-12te.2w2026-03-12yISSUE c60499d60499